000 00808nac a22002535a 4500
005 20201128023910.0
008 081126t2015 ii frb 001 0 eng d
020 _a9788120350984
040 _aEG-ScBUE
_beng
_cEG-ScBUE
082 0 4 _a657.45
_bKUM
_222
100 1 _aKumar, Ravinder.
_91345
245 1 0 _aAuditing :
_bprinciples and practice /
_cRavinder Kumar, Virender Sharma
250 _a3rd ed., Eastern economy ed.
260 _aNew Delhi :
_bPHI Learing,
_c2015.
300 _axix, 556 p. ;
_c24 cm.
500 _aBased on the companies act, 2013 -- t. p.
500 _aIndex : p. 551-556.
504 _aIncludes bibliographical references
650 0 _aAuditing.
_2BUEsh
651 _2BUEsh
653 _bBUSADM
_cOctober2016
700 1 _aSharma, Virender.
_91346
942 _2ddc
999 _c22684
_d22656